Loading...
| Literature - World | 2 | 2 | 0 | 0 | 50 | 39 | 74.25 | 2 | 4 | 0.00 | 0.00 |
| Philosophy | 1 | 2 | 0 | 0 | 35 | 46 | 93.33 | 1 | 3 | 0.00 | 0.00 |
| Fine Arts - Auditory | 0 | 3 | 0 | 2 | 30 | 76 | 109.00 | 0 | 0 | 0.00 | 0.00 |
| Fine Arts - Visual | 0 | 4 | 2 | 1 | 30 | 88 | 120.25 | 0 | 2 | 0.00 | 0.00 |
| History - World | 0 | 3 | 0 | 0 | 30 | 80 | 100.33 | 1 | 2 | 0.00 | 0.00 |
| Literature - European | 0 | 3 | 0 | 0 | 30 | 83 | 99.00 | 1 | 3 | 0.00 | 0.00 |
| Religion | 0 | 3 | 0 | 1 | 30 | 73 | 99.00 | 0 | 3 | 0.00 | 0.00 |
| History - European | 1 | 1 | 0 | 0 | 25 | 47 | 88.50 | 0 | 1 | 0.00 | 0.00 |
| Science - Chemistry | 0 | 2 | 0 | 1 | 20 | 93 | 101.00 | 0 | 2 | 0.00 | 0.00 |
| Fine Arts - Other | 0 | 2 | 0 | 0 | 20 | 108 | 111.50 | 0 | 1 | 0.00 | 0.00 |
| Science - Physics | 0 | 2 | 0 | 0 | 20 | 99 | 103.50 | 0 | 2 | 0.00 | 0.00 |
| Science - Other | 1 | 0 | 0 | 0 | 15 | 63 | 63.00 | 0 | 1 | 0.00 | 0.00 |
| Literature - American | 1 | 1 | 2 | 1 | 15 | 55 | 103.00 | 1 | 2 | 0.00 | 0.00 |
| History - American | 0 | 2 | 1 | 0 | 15 | 65 | 90.00 | 0 | 2 | 0.00 | 0.00 |
| Pop Culture | 0 | 1 | 0 | 0 | 10 | 119 | 119.00 | 0 | 1 | 0.00 | 0.00 |
| Geography | 0 | 1 | 0 | 0 | 10 | 126 | 126.00 | 1 | 1 | 0.00 | 0.00 |
| History - Other | 0 | 1 | 0 | 1 | 10 | 135 | 135.00 | 0 | 0 | 0.00 | 0.00 |
| Literature - British | 0 | 1 | 0 | 0 | 10 | 106 | 106.00 | 0 | 1 | 0.00 | 0.00 |
| Social Science | 0 | 1 | 1 | 0 | 5 | 72 | 72.00 | 0 | 1 | 0.00 | 0.00 |
| Mythology | 0 | 0 | 1 | 0 | -5 | 0.00 | 0 | 0 | 0.00 | 0.00 |